Car brand by front lights - Statistiques

Statistiques générales
  • Ce quiz a été pris 109 fois
  • Le résultat moyen est 14 sur 19
Statistiques - réponses
Par images Réponse % Correct
McLaren
92%
Lamborghini
86%
Porsche
84%
Rolls Royce
84%
Dacia
81%
BMW
80%
Peugeot
80%
Renault
80%
Mercedes
79%
Citroën
76%
Ferrari
75%
Bentley
69%
Dodge
69%
Volkswagen
69%
Fiat
66%
Maserati
58%
Audi
51%
Mazda
46%
Ford
42%
Aucun quiz correspondant
Distribution des résultats
% des personnes avec chaque résultat
Percentile par nombre de réponses
Votre historique - résultats
Vous n’avez pas pris ce quiz